Communalism, Ethnicity and State Politics (Record no. 10313)

MARC details
000 -LEADER
fixed length control field 00696nam a2200265 a 4500
020 ## - INTERNATIONAL STANDARD BOOK NUMBER
ISBN 8170337
082 00 - DEWEY DECIMAL CLASSIFICATION NUMBER
Classification number 306.0899145
Author Cutter BAS1
100 ## - MAIN ENTRY--AUTHOR NAME
Author name Basu, Sajal
245 ## - TITLE STATEMENT
Title Communalism, Ethnicity and State Politics
260 ## - PUBLICATION, DISTRIBUTION, ETC. (IMPRINT)
Place of publication Jaipur
Name of publisher Rawat Publications
Year of publication 2000
300 ## - PHYSICAL DESCRIPTION
Number of Pages 199p
500 ## - GENERAL NOTE
General note includes index and biblioraphy
505 2# - FORMATTED CONTENTS NOTE
Formatted contents note Communal and Ethinic Violence in India.
650 ## - SUBJECT ADDED ENTRY--TOPICAL TERM
Topical Term Tribes-India
650 ## - SUBJECT ADDED ENTRY--TOPICAL TERM
Topical Term Riots-India
650 ## - SUBJECT ADDED ENTRY--TOPICAL TERM
Topical Term Communalism-India
942 ## - ADDED ENTRY ELEMENTS (KOHA)
Koha item type Books
700 1# -
-- Basu, Sajal
Holdings
Collection code Home library Current library Date acquired Cost, normal purchase price Full call number Accession Number Koha item type
  Henry Martyn Institute Library Henry Martyn Institute Library 01/30/2008 375.00 306.0899145 BAS1 019534 Books
                   Copyright © 2026 | Henry Martyn Institute | Hyderabad | TS-500052 | INDIA | Implemented by hmi.edu.in
Hit-Count:

Powered by Koha